Los colegios jesuitas de la Nueva España /

Gorde:
Xehetasun bibliografikoak
Egile nagusia: López Sarrelangue, Delfina Esmeralda (autor)
Formatua: Liburua
Hizkuntza:gaztelania
Gaiak:
Etiketak: Etiketa erantsi
Etiketarik gabe, Izan zaitez lehena erregistro honi etiketa jartzen!

MARC

LEADER 00000nam^a2200000^a^4500
001 000350311
005 20250521000000.0
008 150128 19411954
009 20260310114936.908
037 |a Acervo Xavier Clavigero 
041 |a ESP 
082 |a 255. 530097203  |b LOP 
100 |a López Sarrelangue, Delfina Esmeralda  |e (autor) 
245 1 4 |a Los colegios jesuitas de la Nueva España /  |c D.E. López Sarrelangue. 
264 |a México :  |b edición de autor,  |c 1941 
300 |a 85 p. 
336 |a texto  |b txt  |2 rdacontenido 
337 |a sin mediación  |b n  |2 rdamedio 
338 |a volumen  |b nc  |2 rdasoporte 
561 |a Ex libris de Jesús Gómez Fregoso, 1 ejemplar 
585 |a Exposición DIA 2022-11 / Los jesuitas del Camino Real de Tierra Adentro: 450 años de la Provincia Mexicana de la Compañía de Jesús 
585 |a Exposición DIA 2022-11 / Los jesuitas del Camino Real de Tierra Adentro: 450 años de la Provincia Mexicana de la Compañía de Jesús 
649 |a XX 
650 |a Jesuitas en la Educación -  |z México -  |x Historia -  |y Epoca Colonial, 1517-1821 -  |x Tema Principal 
650 |a Jesuitas en México -  |x Historia -  |y Epoca Colonial, 1517-1821 
650 |a Monasticismo y Ordenes Religiosas -  |z México -  |x Historia -  |y Epoca Colonial, 1517-1821 
650 |a Iglesia Católica en México -  |x Historia -  |y Epoca Colonial, 1517-1821 
650 |a Humanismo -  |z México -  |x Estudio y Enseñanza -  |x Tema Principal 
650 |a Humanismo -  |z México -  |x Historia y Crítica 
650 |a Filosofía del Renacimiento -  |z México -  |x Historia y Crítica 
650 |a Educación -  |z México -  |x Historia -  |y Epoca Colonial, 1517-1821 -  |x Tema Principal 
650 |a México -  |x Historia -  |y Epoca Colonial, 1517-1821 
910 |a Fondo General 
920 |a Impresos - Libros 
930 |a Colección General 
905 |a 101 
901 |a 037393  |b IT1  |c ACC  |u 20250521 
901 |a 023784  |b IT1  |c ACC  |u 20250521 
902 |a https://opac.biblio.iteso.mx/vufind/Record/000350311